[Event "FRA-ch"]
[Site "Val d'Isere"]
[Date "2004.08.19"]
[Round "4"]
[White "Lautier, Joel"]
[Black "Fressinet, Laurent"]
[Result "1-0"]
[WhiteElo "2666"]
[BlackElo "2637"]
[Annotator "Ribli,Z"]
[PlyCount "77"]
[EventDate "2004.08.16"]
[EventType "tourn"]
[EventRounds "11"]
[EventCountry "FRA"]
[EventCategory "13"]
[SourceTitle "CBM 103"]
[Source "ChessBase"]
[SourceDate "2004.11.11"]
[SourceVersion "1"]
[SourceVersionDate "2004.11.11"]
[SourceQuality "1"]

1. c4 e5 2. Nc3 Bb4 {Das ist eine in der letzten Zeit relativ populäre
Nebenvariante.} 3. Nd5 a5 ({Ohne Einschaltung der Züge 3...a5 4.a3 bietet die
Variante} 3... Be7 4. d4 d6 5. e4 Nf6 6. Nxe7 Qxe7 7. f3 {für Weiss Chancen
auf Eröffnungsvorteil.}) 4. a3 Be7 5. d4 d6 6. Nf3 (6. e3 Nf6 7. Nxe7 (7. Ne2
Nxd5 8. cxd5 O-O 9. dxe5 dxe5 10. Nc3 f5 11. Be2 Nd7 12. Qc2 Nb6 13. e4 f4 14.
Nb5 Bd6 15. Bd2 Rf7 16. Rc1 Qg5 {McNab,C-Shaw,J/ Blackpool 2003/ 0-1 (28)})
7... Qxe7 8. Ne2 O-O 9. Qc2 Bg4 10. d5 c6 11. f3 Bd7 12. dxc6 bxc6 13. Ng3 d5
14. Be2 Na6 15. O-O Nc5 16. Bd2 Nb7 17. Kh1 {McNab,C-Barton,R/ Hastings 2003/
1-0 (51)}) (6. e4 Nf6 7. Nxe7 Qxe7 8. f3 exd4 9. Qxd4 Nc6 10. Qd1 O-O 11. Ne2
Ne5 12. Nf4 c6 13. Be2 Rd8 14. O-O d5 {1/2-1/2 Kalka,A-Goihl,M/Gelsenkirchen
2001/EXT 2002 (43)}) 6... e4 (6... c6 7. Nxe7 Qxe7 8. Bg5 f6 9. Be3 c5 10. dxc5
dxc5 11. g3 Qc7 12. Bg2 Ne7 13. Nd2 O-O 14. Ne4 Rd8 15. Qc1 Na6 16. O-O Be6 17.
b3 Nf5 18. Rb1 Nd4 19. Rb2 Qe7 20. Nc3 {1-0 Renet,O-Glek,I/Groningen 1992/EXT
97 (50)}) 7. Nd2 f5 (7... c6 8. Nc3 (8. Nxe7 $5) 8... f5 9. e3 Nf6 10. f3 d5
11. cxd5 cxd5 12. Bb5+ Nc6 13. fxe4 fxe4 14. O-O O-O 15. Qb3 Kh8 16. Be2 Bd6 {
0-1 Zak,U-Luther,T/Catalan Bay 2003/CBM 92 ext (22)}) 8. Nb1 {[%mdl 4] Weiss
verliert Zeit, aber der Springer soll nun auf das wichtige Feld c3.} Nd7 (8...
Bf8 9. h4 $14) (8... Nf6 9. Nxe7 Qxe7 10. Nc3 O-O 11. Bg5 Be6 12. e3 $14) 9.
Nbc3 Ndf6 (9... Ngf6 10. Bf4 $14) 10. Bf4 {Jetzt muss Schwarz mit dem Vorstoß
c4-c5 rechnen.} Nh5 11. Bd2 Nhf6 12. Bf4 (12. e3) 12... Nh5 13. Bd2 Nhf6 14. e3
{Endlich. Weiss ist mit der Zugwiederholung nicht zufrieden.} c6 {Dieser Zug
ist noch nicht schlecht, doch wäre der Springertausch auf d5 logischer, da
Schwarz in diesem Fall das Material reduzieren konnte.} (14... Nxd5 15. Nxd5 (
15. cxd5 Nf6 16. Bb5+ Bd7 17. Qa4) 15... Nf6 16. Nxe7 Qxe7 17. d5 O-O 18. Bc3
$14) 15. Nxe7 Nxe7 16. Qc2 $14 {Weiss hat das Läuferpaar und ein starkes
Bauernzentrum.} O-O 17. f4 $1 {[%mdl 32]} Bd7 (17... exf3 18. gxf3 $14 {
[%cal Gh1g1,Ge1c1] In diesem Fall kann Weiss lang rochieren und mit R g1 die
Initiative bekommen.}) (17... Be6 $5) 18. Be2 Rb8 {[%cal Gb7b5]} 19. a4 {
So verhindert Weiss die Möglichkeit 19...b5.} Kh8 20. O-O h6 {[%cal Gg7g5]} 21.
Rab1 $1 {[%cal Gb2b4] Weiss bereitet 22.b4 vor, wonach er am Damenflügel
aktives Spiel bekommen kann.} g5 {Schwarz strebt ein Gegenspiel am
Königsflügel an.} (21... c5 22. Nb5 Nc6 23. Bc3 $14) (21... Qc7 22. b4 axb4 23.
Rxb4 Be6 24. Rfb1 b6 $14) 22. b4 axb4 23. Rxb4 {[%csl Gb4][%cal Gf1b1,Gb1b8]}
Ng6 24. Qb2 {[%csl Gb2][%cal Gb2h8,Gb2b8] Nun können wir die Nachteile von 21..
.g5 sehen: Der Pb7 hängt jetzt und die Diagonale a1-h8 ist geschwächt.} Bc8 25.
d5 Ra8 (25... c5 26. Rb6 $16) 26. Kh1 {Mit diesem prophylaktischen Zug
demonstriert Weiss, dass es für Schwarz schwer ist, einen aktiven Spielplan zu
finden.} (26. dxc6 bxc6 27. Rb8 $14) 26... Kh7 27. dxc6 bxc6 28. Rb8 Rxb8 29.
Qxb8 Qe7 (29... Be6 30. Qb7+ Qd7 31. Qb6 $14) 30. Qb6 d5 (30... Bd7 31. a5 $16)
31. cxd5 cxd5 32. Qd4 $16 {[%csl Ga4,Gd2,Gd4,Ge2] Die weisse Dame ist auf d4
ausgezeichnet platziert, das Läuferpaar und der entfernte a-Freibauer bieten
dauerhaften Positionsvorteil.} Be6 33. Rb1 Rg8 (33... Ra8 34. a5 $16 Rxa5 $2
35. fxg5 hxg5 36. Nxe4 $16) 34. a5 Qg7 35. fxg5 {Weiss tauscht zuerst auf g5,
sodass Schwarz die g-Linie nicht öffnen kann.} (35. a6 gxf4 36. exf4 Nxf4 37.
Bf1 $16) 35... hxg5 36. a6 $18 {[%csl Ga6][%cal Rb1b7,Rb7h7] Der starke weisse
a-Freibauer entscheidet die Partie.} f4 (36... Ra8 37. Rb7 Bf7 38. a7 $18) 37.
Rb7 Bf7 38. a7 Nh4 (38... Ra8 39. Rb8 $18) 39. Rb8 1-0

[Event "Chalkidiki"]
[Site "Chalkidiki"]
[Date "1992.??.??"]
[Round "1"]
[White "Psakhis, Lev"]
[Black "Sokolov, Ivan"]
[Result "1/2-1/2"]
[WhiteElo "2570"]
[BlackElo "2625"]
[Annotator "Ribli,Z"]
[PlyCount "139"]
[EventDate "1992.09.??"]
[EventType "tourn"]
[EventRounds "11"]
[EventCountry "GRE"]
[EventCategory "14"]
[SourceTitle "CBM 032"]
[Source "ChessBase"]
[SourceDate "1993.02.01"]
[SourceVersion "1"]
[SourceVersionDate "1993.02.01"]
[SourceQuality "1"]

1. c4 e5 2. Nc3 Bb4 3. Nd5 Bc5 4. e3 (4. b4 Bf8 5. Bb2 c6 6. Ne3 Bxb4 7. Bxe5
Nf6 8. Rb1 a5 9. Nf3 O-O 10. g3 Re8 11. Bg2 Ne4 12. Ba1 d5 13. cxd5 cxd5 14.
O-O Nc6 15. Nc2 Bc5 16. d3 $13 {Jolles,H-Van der Weij,A Dieren op 1990 EXP/19})
4... c6 (4... Nf6 5. b4 Nxd5 6. bxc5 Nf6 7. d4 Qe7 8. Be2 O-O 9. Nf3 e4 10. Nd2
$14 {Kortschnoj,V-Timman,J Harlingen 1991 CBM/24}) 5. d4 (5. Nc3 $5 d5 6. d4
exd4 7. exd4 Be7 8. cxd5 cxd5 9. Bb5+ Nc6 10. Nf3 a6 11. Bxc6+ bxc6 12. Ne5 Bb7
13. Qh5 $14 {Petursson,M-Panchenko,AN Bern 1992 CBM/28}) 5... cxd5 6. dxc5 Qa5+
7. Bd2 Qxc5 8. Qg4 g6 9. cxd5 Qxd5 10. Bc4 Nf6 11. Qh4 $44 Qd6 12. Nf3 Nc6 13.
e4 (13. O-O-O $5 $44) 13... Qe7 14. Ng5 (14. Bg5 Qb4+ 15. Nd2 Nh5 $13) 14...
Nd8 15. a3 (15. f4 $1 $44) 15... Nh5 $1 16. Bb4 Qf6 17. O-O (17. Rd1 $5) 17...
a5 18. Bc3 Qe7 19. b4 f6 20. Nf3 Ne6 21. g3 d6 22. Nd2 Neg7 23. Bb5+ Bd7 24.
Bxd7+ Qxd7 25. f4 Rc8 26. Rac1 O-O $15 27. bxa5 Rc6 28. Bb4 Rxc1 29. Rxc1 Rc8
$1 30. Rxc8+ Qxc8 31. Bxd6 h6 32. f5 Qc1+ 33. Nf1 Qd1 34. Bb4 g5 35. Qh3 Qd4+
36. Kh1 Qxe4+ 37. Qg2 Qxg2+ (37... Qb1 $5) 38. Kxg2 Nxf5 39. Kf3 Kf7 40. Ke4
Ne7 41. Ne3 Ng7 42. Nc4 Ne8 43. Bxe7 Kxe7 44. Kd5 h5 45. a4 Kd7 46. Nb6+ Kc7
47. Na8+ Kd8 48. Nb6 Ng7 49. Nc4 Kc7 50. Nd6 g4 51. Nb5+ Kb8 52. Nd6 Ka7 53.
Nc4 Ka6 54. Ke4 Ka7 55. Kd5 Ka6 56. Ke4 Ne6 57. Kf5 Nd4+ 58. Kxf6 e4 59. Ke5 e3
60. Nxe3 Nf3+ 61. Kf4 Nxh2 62. Nc4 Nf1 63. Nd6 Kxa5 64. Nxb7+ Kxa4 65. Nc5+ Kb4
66. Ne4 Kc4 67. Nf6 Nxg3 68. Nxh5 Nxh5+ 69. Kxg4 Nf4 70. Kxf4 1/2-1/2

[Event "RUS-ch Army"]
[Site "Russia"]
[Date "1995.??.??"]
[Round "?"]
[White "Savchenko, Stanislav"]
[Black "Komliakov, Viktor"]
[Result "1/2-1/2"]
[WhiteElo "2585"]
[BlackElo "2535"]
[Annotator "Ribli,Z"]
[PlyCount "103"]
[EventDate "1995.??.??"]
[EventType "tourn"]
[EventRounds "11"]
[EventCountry "RUS"]
[EventCategory "10"]
[SourceTitle "CBM 048"]
[Source "ChessBase"]
[SourceDate "1995.10.01"]
[SourceVersion "1"]
[SourceVersionDate "1995.10.01"]
[SourceQuality "1"]

1. d4 d6 2. c4 e5 3. Nf3 e4 4. Ng5 f5 5. Nc3 c6 6. g3 Be7 7. Nh3 Nf6 8. Bg2
Nbd7 9. O-O $5 {Eine Neuerung.} (9. d5 Nb6 10. Qb3 $8 cxd5 11. cxd5 O-O 12. O-O
Qc7 13. Rd1 Qc4 14. Be3 Bd7 $10 {Dao Thien Hai-Anka,E/Budapest FS JulGM/1994/
EXP41/}) 9... Nb6 10. b3 d5 (10... O-O 11. d5 $14) (10... Be6 11. d5 cxd5 12.
Nf4 $14) 11. c5 Nbd7 12. b4 $1 Nf8 (12... a6 $6 13. Nf4 Nf8 14. Na4 $14) 13. b5
h6 {Schwarz spielt gegen den Nh3.} 14. bxc6 bxc6 15. Qa4 Qd7 16. Rb1 $1 {
Weiss spielt sehr logisch; Das Zentrum ist zu und am Koenigfluegel steht er
nicht besser, dann bleibt ihm nur der Damenfluegel in Vorteil zu kommen.} g5
17. f3 Ng6 (17... exf3 18. exf3 Ng6 19. f4 g4 20. Nf2 O-O 21. Nd3 $14) 18. fxe4
fxe4 19. Nd1 $5 {Der N zielt nach f5.} O-O 20. Ne3 Ne8 21. Nf2 Qc7 22. Bd2 $1 {
Droht /\ Ba5,Bh3.} Bd7 23. Qb3 $1 {Droht /\ Nxd5 oder Ne4.} Nf6 {Schwarz
verliert (opfert?) einen P.} (23... Kg7 24. Bh3 $1 $16 {Schwarz geraet nun in
eine sehr schwierige Lage.(Siebten Reihe und f5-Punkt)}) 24. Nxe4 Rab8 (24...
Nxe4 25. Rxf8+ $5 (25. Bxe4 $5 Rfb8 26. Nxd5 $18) 25... Kxf8 26. Bxe4 dxe4 27.
Rf1+ $18) 25. Nxf6+ Bxf6 26. Qd3 Ne7 27. Rb3 Rxb3 28. axb3 Bg7 29. Rxf8+ Kxf8 {
Im Endergebnis hat Weiss einen P mehr.} 30. b4 Be6 31. Bf3 (31. Bc3 $5) 31...
Qd7 32. Bc3 g4 33. Bg2 Bf7 34. Nd1 Bg6 35. Qd2 h5 36. Qf4+ Kg8 37. Nf2 Kh7 38.
Qd6 Qe8 39. Qc7 a6 40. e3 Kh8 (40... Nf5 $2 41. e4 $16) 41. h3 gxh3 42. Bxh3
Nf5 43. Bd2 Kh7 (43... Nxe3 $2 44. Bd7 Qe7 45. Qc8+ Kh7 46. Be6 Bxd4 47. Qg8+
Kh6 48. Nd1 $1 Qg5 49. Qf8+ Kh7 50. Bg8+ Kh8 51. Bxd5+ Kh7 52. Bg8+ Kh8 53.
Bf7+ Kh7 54. Bxg6+ Qxg6 55. Qe7+ $18) 44. Qf4 Bh6 45. Qc7+ Bg7 46. Qf4 (46.
Bxf5 Bxf5 47. Qf4 Qg6 {Schwarz hat gute Rettungschacen.}) 46... Bh6 47. Qe5 $6
Qxe5 48. dxe5 Nxg3 49. Bd7 d4 50. Nd1 Bc2 51. e6 Nf5 52. Bxc6 (52. Bxc6 Kg7 $5
(52... Bxd1 $2 53. Be4 Kg6 54. c6 $1 Bb3 55. Bxf5+ Kxf5 56. e7 Bf7 57. c7 $18)
(52... dxe3 $2 53. Nxe3 Bxe3+ 54. Bxe3 Nxe3 55. e7 Bg6 56. Be4 $18) 53. Bf3 Kf6
$13) 1/2-1/2

[Event "ISL-FRA"]
[Site "Reykjavik"]
[Date "1993.??.??"]
[Round "6"]
[White "Renet, Olivier"]
[Black "Steingrimsson, Hedinn"]
[Result "1/2-1/2"]
[WhiteElo "2535"]
[BlackElo "2420"]
[Annotator "Ribli,Z"]
[PlyCount "77"]
[EventDate "1993.??.??"]
[EventType "schev"]
[EventRounds "10"]
[EventCountry "ISL"]
[SourceTitle "CBM 035"]
[Source "ChessBase"]
[SourceDate "1993.08.01"]
[SourceVersion "1"]
[SourceVersionDate "1993.08.01"]
[SourceQuality "1"]

1. c4 e5 2. Nc3 Bb4 3. Nd5 Bc5 4. Nf3 e4 5. Ng5 e3 6. d4 exf2+ 7. Kxf2 Be7 8.
Nf3 (8. Nxe7 {Lautier,J-Kramnik,A/Cannes-m/1993/CBM34/}) 8... Nf6 9. Nxf6+ Bxf6
10. e4 d6 11. h3 O-O 12. Bf4 Re8 13. Qd3 b6 14. Re1 Bb7 15. g3 (15. e5 dxe5 16.
dxe5 Be7 $13) 15... c5 16. e5 dxe5 17. dxe5 Be7 18. h4 Nc6 19. Ng5 g6 20. Qxd8
Nxd8 (20... Raxd8 21. Bg2 $14) 21. Bg2 Bxg2 22. Kxg2 Ne6 23. Nxe6 fxe6 24. Rd1
Red8 25. Bg5 $1 Bxg5 26. hxg5 Rxd1 27. Rxd1 Rf8 28. Rd6 Rf5 29. Rxe6 Rxg5 30.
Re7 h5 31. Kh3 Kf8 32. Rxa7 Rxe5 33. Rb7 Re6 34. Kh4 (34. b3 g5 $10) 34... Re4+
35. Kg5 Rxc4 36. Kf6 Ke8 37. Rxb6 Rg4 38. Rb3 Kd7 39. Rc3 1/2-1/2

[Event "Orel"]
[Site "Orel"]
[Date "1994.??.??"]
[Round "2"]
[White "Popov, Valerij"]
[Black "Yagupov, Igor"]
[Result "1-0"]
[WhiteElo "2395"]
[BlackElo "2430"]
[Annotator "Ribli,Z"]
[PlyCount "77"]
[EventDate "1994.??.??"]
[EventType "tourn"]
[EventRounds "11"]
[EventCountry "RUS"]
[EventCategory "8"]
[SourceTitle "CBM 042"]
[Source "ChessBase"]
[SourceDate "1994.10.01"]
[SourceVersion "1"]
[SourceVersionDate "1994.10.01"]
[SourceQuality "1"]

1. c4 e5 2. Nc3 Bb4 3. Nd5 Be7 4. d4 d6 5. Nf3 (5. e4 $1) 5... e4 6. Nd2 f5 (
6... c6 7. Nxe7 Qxe7 8. e3 f5 9. g3 $6 (9. b4 $5) 9... Nf6 10. b4 $14 {
Hjartarson,J-Polgar,Zsu/Groningen PCA/1993/CBM39/}) 7. e3 Nf6 8. Nxe7 Qxe7 9.
b4 $1 (9. d5 $6 O-O 10. Be2 Nbd7 11. O-O Ne5 $13 {Seirawan,Y-Shirov,A/Biel izt/
1993/CBM37/}) 9... O-O 10. Nb3 c6 11. a4 Be6 12. Ba3 Nbd7 13. Be2 b6 14. Qd2 (
14. Qc2 $5) 14... Bf7 15. O-O Bh5 16. Rfd1 Rf7 17. a5 (17. b5 $5) 17... Bxe2
18. Qxe2 Re8 19. axb6 axb6 20. Bb2 Nf8 21. d5 c5 (21... cxd5 $2 22. Nd4 $1 dxc4
23. Nxf5 Qc7 24. Nxd6 $18) 22. Ra6 N6d7 23. bxc5 dxc5 (23... bxc5 24. Na5 $16)
24. Ra7 Ng6 25. Nd2 Qg5 26. Rda1 Ree7 $6 (26... f4 $5 27. Ra8 (27. f3 fxe3 28.
Nxe4 Rxe4 29. fxe4 Rf2 $19) 27... Rfe7 $13) 27. f4 $1 exf3 28. Nxf3 Qg4 (28...
Qxe3+ 29. Qxe3 Rxe3 30. Ng5 Rfe7 31. d6 Re1+ 32. Rxe1 Rxe1+ 33. Kf2 Rb1 34.
Rxd7 Rxb2+ 35. Ke1 $18) 29. h3 Qh5 (29... Nf4 $2 30. exf4 Rxe2 31. hxg4 Rxb2
32. Ng5 Re7 33. Rxd7 Rxd7 34. Ra8+ $18) 30. R1a3 h6 31. Rb7 Re4 (31... Kh7 $5)
32. Qd3 Kh7 (32... Nde5 33. Ra8+ Kh7 34. Rxf7 Nxf7 (34... Nxd3 $4 35. Rxg7#)
35. d6 $16) 33. Qc3 f4 34. Raa7 Qf5 (34... Rxe3 35. Rxd7 Rxc3 (35... Rxd7 36.
Qxg7+ $1 Rxg7 37. Rxg7+ Kh8 38. Rxg6+ Kh7 39. Rg7+ Kh8 40. Rg5+ $18) 36. Rxf7
$18) 35. Rxd7 $1 Qxd7 (35... Rxd7 36. Qxg7+ Rxg7 37. Rxg7+ Kh8 38. Rxg6+ Kh7
39. Rg7+ Kh8 40. Rf7+ $18) 36. Rxd7 Rxd7 37. Qc2 Rxe3 38. Nh4 Rd6 39. Nf5 $138
1-0

[Event "Bermuda-A"]
[Site "Bermuda"]
[Date "1995.??.??"]
[Round "1"]
[White "Lesiege, Alexandre"]
[Black "Vescovi, Giovanni P"]
[Result "0-1"]
[WhiteElo "2460"]
[BlackElo "2465"]
[Annotator "Ribli,Z"]
[PlyCount "66"]
[EventDate "1995.01.??"]
[EventType "tourn"]
[EventRounds "9"]
[EventCountry "BER"]
[EventCategory "10"]
[SourceTitle "CBM 046"]
[Source "ChessBase"]
[SourceDate "1995.06.01"]
[SourceVersion "1"]
[SourceVersionDate "1995.06.01"]
[SourceQuality "1"]

1. d4 d6 2. c4 e5 3. Nf3 {Der Damentausch mit 3.de5 de5 4.Qd8 Kd8 gibt keinen
Vorteil fuer Weiss.} e4 4. Ng5 f5 5. Nc3 Nf6 {Man spielt 5...c6!? haeufiger.} (
5... c6 $5) 6. Nh3 Be7 7. Bg5 {Ich koennte lieber 7.g3 empfehlen.} c6 8. e3 Na6
9. Nf4 O-O 10. Be2 Nc7 11. h3 (11. Qb3 h6 12. Bxf6 Bxf6 13. Ng6 Re8 $10 {
Weiss hat einen starken Springer in g6, dagegen Schwarz hat Laeuferpaar. Die
Chancen sind ausgeglichen. Shvedchikov,A-Iashvili,A/Moscow2/1991/EXP21/}) (11.
h4 Ne6 12. Qb3 Nxf4 13. Bxf4 Qb6 $13 {Stefanov,P-Polugaevsky,L/Sochi/1981/
INF32,32/}) 11... Ne6 12. Nxe6 Bxe6 13. g4 (13. Qc2 Qe8 14. O-O-O Qf7 $13)
13... Qe8 $1 {Natuerlich spielt nicht 13...fg4 14.fg4 und Weiss steht klar
besser.} 14. Qc2 Qg6 15. gxf5 Bxf5 16. Bf4 (16. Bxf6 Bxf6 17. O-O-O Bh4 18.
Rdg1 Qe6 $15) 16... Nh5 17. Bh2 Bxh3 18. Rg1 (18. Qxe4 $5 Qxe4 19. Nxe4 Bg2 20.
Rg1 Bxe4 21. Bxh5 g6 22. Be2 Bh4 23. Bg3 Bxg3 24. Rxg3 $10) (18. Bxd6 $2 Bxd6
19. Rxh3 Qg1+ 20. Bf1 Ng3 $1 21. fxg3 Bxg3+ 22. Rxg3 Qxg3+ $19) 18... Qf7 19.
O-O-O Bf5 (19... Qxf2 $2 20. Bxh5 Qxe3+ 21. Qd2 $18) 20. Qb3 (20. Nxe4 $5 d5
21. Bxh5 Qxh5 22. Ng3 Bxc2 23. Nxh5 Bg6 (23... Bxd1 $2 24. Rxg7+ Kh8 25. Rxe7
$18) 24. Be5 Rf7 25. Nf4 Be4 $13) 20... Bg6 {Ein originelles, aber wohl nicht
ganz korrektes (3) Bauernopfer. Zu beachten ist 20...b6.} 21. Qxb7 Bh4 22. Qxc6
(22. Qxf7+ Rxf7 23. Bxd6 Bxf2 $17) 22... Rac8 23. Qxd6 Rcd8 24. Qc5 Bxf2 25.
Rgf1 Bxe3+ 26. Kb1 Nf6 (26... Bf2 27. Bxh5 Bxh5 28. Rxf2 Qxf2 29. Qxh5 Rxd4 $13
{Schwarz hat einen Turm und einen Bauern (und bessere Koenigstellung) gegen
zwei Leichtfiguren. Die Chancen sind beiderseitigen.}) 27. Nd5 Bf2 $1 28. Ne7+
Kh8 29. Rxf2 $2 {Zu optimistisch. Nach 29.Ka1 e3 30.Ng6 Qg6 waere noch alles
offen gewesen.} (29. Ka1 $5 e3 30. Nxg6+ Qxg6 $13) 29... e3+ 30. Bd3 (30. Nxg6+
Qxg6+ 31. Bd3 {[#]} (31. Rf5 $2 Nd7 $19) 31... Qxd3+ $1 {Sehr schoen! Weiss
hat diese Moeglichkeit warhscheinlich nur zu spaet bemerkt.} 32. Rxd3 exf2 33.
Rf3 (33. Rd1 Ne4 $17) 33... Nd7 $1 34. Qc7 Rxf3 35. Qxd8+ Rf8 $19) 30... Bxd3+
31. Rxd3 exf2 32. Rf3 Nd7 $1 {Noch eine kleine unangenehme Ueberraschung.
Weiss kann den Materielverlust nicht vermeiden.} 33. Rxf7 Nxc5 {Ribli} 0-1

[Event "Barcelona"]
[Site "Barcelona"]
[Date "1990.??.??"]
[Round "8"]
[White "Illescas Cordoba, Miguel"]
[Black "Magem Badals, Jordi"]
[Result "1/2-1/2"]
[WhiteElo "2535"]
[BlackElo "2470"]
[Annotator "Ribli,Z"]
[PlyCount "27"]
[EventDate "1990.09.??"]
[EventType "tourn"]
[EventRounds "9"]
[EventCountry "ESP"]
[EventCategory "10"]
[SourceTitle "CBM 021"]
[Source "ChessBase"]
[SourceDate "1991.04.01"]
[SourceVersion "1"]
[SourceVersionDate "1991.04.01"]
[SourceQuality "1"]

1. c4 d6 2. Nc3 e5 3. e3 f5 4. d4 Nf6 5. dxe5 dxe5 6. Qxd8+ Kxd8 7. b3 Be6 8.
Bb2 Nbd7 9. Nf3 c6 10. Be2 Bd6 $1 (10... Ke8 11. Rd1 Bb4 12. O-O Rf8 13. Na4
$14 {Ivkov-Kozomara Sarajevo 1958}) 11. O-O Ke7 12. Rfd1 Rhd8 13. h3 h6 14. Na4
1/2-1/2

[Event "World Cup"]
[Site "Reykjavik"]
[Date "1991.??.??"]
[Round "15"]
[White "Timman, Jan H"]
[Black "Gulko, Boris F"]
[Result "1/2-1/2"]
[WhiteElo "2630"]
[BlackElo "2565"]
[Annotator "Ribli,Z"]
[PlyCount "50"]
[EventDate "1991.09.??"]
[EventType "tourn"]
[EventRounds "15"]
[EventCountry "ISL"]
[EventCategory "16"]
[SourceTitle "CBM 026"]
[Source "ChessBase"]
[SourceDate "1992.02.01"]
[SourceVersion "1"]
[SourceVersionDate "1992.02.01"]
[SourceQuality "1"]

1. d4 d6 2. c4 e5 3. Nf3 e4 4. Ng5 f5 5. Nc3 c6 6. Qb3 (6. Nh3 Nf6 $6 (6... Na6
$5) 7. Bg5 Be7 8. e3 O-O 9. Nf4 Na6 10. Be2 Nc7 $14 {Ibragimov,I-Titov,G
URS-chT Azov 1991 CBM/25}) 6... Be7 (6... Na6 $5 7. Bd2 (7. f3 $5) 7... Nc7 8.
g4 $2 Be7 9. h4 h6 10. Nh3 Ne6 $1 11. Be3 fxg4 12. Nf4 Nxf4 13. Bxf4 Nf6 14.
Bg2 O-O 15. e3 Be6 $17 {Lev,R-Miles,A Lugano 1989 47/25}) 7. Nh3 Na6 $5 (7...
Nf6 $6 8. Bg5 $5) 8. e3 Nf6 9. Be2 Nc7 10. Bd2 Rb8 (10... d5 $5) 11. d5 $1 Na6
12. Qa3 Nd7 13. O-O-O O-O 14. f3 exf3 15. gxf3 Ne5 16. Rhg1 b5 $5 17. cxb5 cxb5
18. Nxb5 Nxf3 19. Nxa7 Nxg1 20. Rxg1 Bf6 (20... Qb6 21. Nc6 $1 $36) 21. Nc6
$146 Bxb2+ 22. Qxb2 Rxb2 23. Nxd8 Rxd2 24. Kxd2 Rxd8 25. Bxa6 Bxa6 1/2-1/2

[Event "Tel Aviv ASA"]
[Site "Tel Aviv"]
[Date "1995.??.??"]
[Round "6"]
[White "Rechlis, Gad"]
[Black "Sutovsky, Emil"]
[Result "1-0"]
[WhiteElo "2500"]
[BlackElo "2530"]
[Annotator "Ribli,Z"]
[PlyCount "103"]
[EventDate "1995.??.??"]
[EventType "tourn"]
[EventRounds "9"]
[EventCountry "ISR"]
[EventCategory "10"]
[SourceTitle "CBM 050"]
[Source "ChessBase"]
[SourceDate "1996.02.01"]
[SourceVersion "1"]
[SourceVersionDate "1996.02.01"]
[SourceQuality "1"]

1. c4 {Hecht} e5 2. g3 Nc6 3. Bg2 f5 4. Nc3 Nf6 5. a3 {Eine sehr seltene
Fortsetzung.} d6 {Schwarz hat zwei Moeglichkeiten: 1.Mit sofortigem a7-a5 den
Bauernvorstoß b2-b4 vorlaufig verhindern oder 2.Einfach der Zug b4 zulassen,
weil das Manöver des Anziehende zeitraubend ist, und er ein Tempo (a2-a3)
schon verloren hat.} (5... a5 6. Rb1 g6 7. d3 Bg7 8. e3 O-O 9. Nge2 Ne7 10. O-O
c6 11. b3 d6 (11... d5 $5) 12. f4 $13 {Lobron,E-Stefansson,H/New York op/1994/
EXP40/}) 6. d3 g6 7. e3 Bg7 8. Nge2 O-O 9. O-O {Eine Neuerung} (9. b4 Ne7 10.
Bb2 c6 11. Qd2 Be6 12. O-O Qd7 13. f4 Rad8 14. Rac1 Kh8 $13 {Sokolovs,
A-Giorgadze,G/Moscow ol/1994/CBM45/}) 9... Be6 10. Qc2 Qd7 (10... d5 11. cxd5
Nxd5 12. Bd2 $14 {Eine typische sizilianische Stellung, die sehr bequem fuer
Weiss ist.} (12. Na4 $5)) 11. Nd5 Nd8 12. b4 c6 (12... Ne8 {/\ c6}) 13. Nxf6+
Bxf6 14. Bb2 d5 15. cxd5 cxd5 16. Rac1 $1 {Weiss will die einzige offene Linie
besitzen.} Nc6 (16... Nf7 17. f4 $1 Rfc8 18. Qd2 $14 {/^ b2-f6}) 17. b5 Ne7 18.
f4 $1 {Dieser Zug ist fuer derartigen Stellungen typisch.} Qxb5 (18... exf4 19.
Nxf4 Bxb2 20. Qxb2 $14) 19. Bxe5 $1 {Richtige Entscheidung, weil Weiss den
schwarzfeldrigen Laeufer tauschen und a- uch die b-Linie oeffnen soll.} Nc6 20.
Bxf6 Rxf6 21. Qc3 $14 Rf7 22. Nd4 $1 Qb6 (22... Nxd4 23. Qxd4 $16 {Droht Rc5 
(oder Rc3) und Rfc1 mit starkem Druck.}) 23. Nxc6 bxc6 (23... Qxe3+ $2 24. Kh1
bxc6 25. Rfe1 $18) 24. Rfe1 (24. Qxc6 $2 Qxe3+ 25. Kh1 Rc8 26. Rce1 $8 Qxe1 (
26... Rxc6 27. Rxe3 Kg7 28. Rxe6 Rxe6 29. Bxd5 Rd6 30. Bxf7 Kxf7 31. Rd1 Ra6
32. Ra1 Rd6 33. Rb1 Rxd3 34. Rb7+ Kf6 35. Rxa7 h6 {Die Stellung ist remis.})
27. Qxc8+ Bxc8 28. Rxe1 Bb7 $14) 24... Rc8 {Droht /\ c5} 25. Rb1 Qa6 26. d4 $1
{Wir haben jetzt eine typische Damengambit (Abtauschsystem) Stellung. Der
Anzi- ehende hat klaren Vorteil, weil er die b-Linie herrscht und die einigen
schwarzen Bauern (a7, c6, d5) schwach sind.} Re8 (26... Rb7 $4 27. Bf1 $18) 27.
Qc5 Qc8 (27... Rb7 28. Bf1 Rxb1 29. Rxb1 $16) 28. Rec1 Rc7 29. Rc3 $1 {Deckt
einfach den e3-Bauern und droht spaeter auf der b-oder c-Linie die Tuerme zu
verdopppeln.} Qd7 30. a4 Kf7 31. a5 Qe7 32. Rbc1 Rec8 33. Bf3 Bd7 34. Rb3 Qxc5
35. Rxc5 Ke7 36. Kf2 Kd6 37. Be2 Rh8 38. Rb1 Rcc8 39. Rcc1 Rb8 40. h3 Rxb1 41.
Rxb1 Kc7 42. g4 $1 Rb8 43. Rxb8 Kxb8 {Schwarz hat sein Problem am Damenfluegel
geloest, aber er steht auch am Koe- ningfluegel schlecht.} 44. Kg3 Kc7 45. Kh4
h6 46. Bd3 Kb7 (46... fxg4 47. hxg4 Be8 48. g5 h5 49. f5 gxf5 50. Bxf5 Kd6 51.
g6 Ke7 52. Kxh5 Kf6 53. Bd3 $18) 47. gxf5 Bxf5 48. Bxf5 gxf5 {Hecht: B-B
Motive: Tempofrage Freibauernrennen, schlechte schwarze K-Position} 49. Kh5 Ka6
50. Kg6 $1 (50. Kxh6 $2 Kxa5 51. Kg6 (51. h4 {Hecht} Kb5 52. h5 a5 53. Kg5 a4
54. h6 a3 55. h7 a2 56. h8=Q a1=Q 57. Qb8+ Kc4 58. Kxf5 $16) 51... Kb5 52. h4
a5 53. h5 a4 54. h6 a3 55. h7 a2 56. h8=Q a1=Q $16 {Schwarz steht schlecht
aber er kann noch kaempfen.}) 50... Kxa5 51. Kxf5 {Eine komische Stellung,
weil Schwarz drei Koenigszuege hat aber alle verliert mit verschiedenen
Methoden.} Kb6 (51... Kb4 52. Ke5 (52. Kg6 a5 53. f5 a4 54. f6 a3 55. f7 a2 56.
f8=Q+ $18) 52... a5 53. f5 a4 54. f6 a3 55. f7 a2 56. f8=Q+ $18) (51... Kb5 52.
Ke5 a5 53. f5 a4 54. f6 a3 55. f7 a2 56. f8=Q a1=Q 57. Qc5+ Ka6 58. Qxc6+ $18 (
58. Qxc6+ {Hecht} Ka7 59. Qxd5 $18)) 52. Kg6 {Ribli} (52. Kg6 a5 53. f5 a4 54.
f6 a3 55. f7 a2 56. f8=Q a1=Q 57. Qb8+ Ka6 58. Qa8+ $18) (52. Ke6 {Hecht} Kc7
53. f5 Kd8 54. Kf7 a5 55. f6 a4 56. Kg7 a3 57. f7 a2 58. f8=Q+ $18) 1-0